Worldview : (Record no. 93651)
[ view plain ]
| 000 -LEADER | |
|---|---|
| campo de control de longitud fija | 04311cam a22004454a 4500 |
| 001 - NÚMERO DE CONTROL | |
| campo de control | 89025 |
| 005 - FECHA Y HORA DE LA ÚLTIMA TRANSACCIÓN | |
| campo de control | 20230410142328.0 |
| 008 - DATOS DE LONGITUD FIJA--INFORMACIÓN GENERAL | |
| campo de control de longitud fija | 020227s2002 miu b 001 0 eng |
| 010 ## - NÚMERO DE CONTROL DE LA BIBLIOTECA DEL CONGRESO | |
| Número de control de LC | 2002019439 |
| 035 ## - NÚMERO DE CONTROL DEL SISTEMA | |
| Número de control de sistema | (OCoLC)ocm49261290 |
| 040 ## - FUENTE DE CATALOGACIÓN | |
| Centro catalogador/agencia de origen | DLC |
| Centro/agencia transcriptor | DLC |
| Centro/agencia modificador | PGC |
| -- | BAKER |
| -- | NLGGC |
| -- | BTCTA |
| -- | YDXCP |
| -- | AU@ |
| -- | IG# |
| -- | HNW |
| 020 ## - NÚMERO INTERNACIONAL ESTÁNDAR DEL LIBRO | |
| Número Internacional Estándar del Libro | 0802847617 (pbk. : alk. paper) |
| 029 1# - OTRO NÚMERO DE CONTROL DE SISTEMA (OCLC) | |
| Identificador de la biblioteca OCLC | NLGGC |
| Número de control de sistema | 245307117 |
| 029 1# - OTRO NÚMERO DE CONTROL DE SISTEMA (OCLC) | |
| Identificador de la biblioteca OCLC | YDXCP |
| Número de control de sistema | 1859954 |
| 035 ## - NÚMERO DE CONTROL DEL SISTEMA | |
| Número de control de sistema | (OCoLC)49261290 |
| 042 ## - CÓDIGO DE AUTENTICACIÓN | |
| Código de autenticación | pcc |
| 050 14 - SIGNATURA TOPOGRÁFICA DE LA BIBLIOTECA DEL CONGRESO | |
| Número de clasificación | BR 121.3 |
| Número de ítem | N38w 2002 |
| 082 00 - NÚMERO DE LA CLASIFICACIÓN DECIMAL DEWEY | |
| Número de clasificación | 230 |
| 084 ## - OTRO NÚMERO DE CLASIFICACIÓN | |
| Número de clasificación | 11.02 |
| Fuente del número | bcl |
| 049 ## - FONDOS LOCALES (OCLC) | |
| Biblioteca depositaria | GRAL |
| 100 1# - ENTRADA PRINCIPAL--NOMBRE DE PERSONA | |
| Nombre de persona | Naugle, David K. |
| 245 10 - MENCIÓN DEL TÍTULO | |
| Título | Worldview : |
| Resto del título | the history of a concept / |
| Mención de responsabilidad, etc. | David K. Naugle; foreword by Arthur F. Holmes |
| 260 ## - PUBLICACIÓN, DISTRIBUCIÓN, ETC. | |
| Lugar de publicación, distribución, etc. | Grand Rapids, Michigan / Cambridge: |
| Nombre del editor, distribuidor, etc. | W.B. Eerdmans Pub., |
| Fecha de publicación, distribución, etc. | c2002. |
| 300 ## - DESCRIPCIÓN FÍSICA | |
| Extensión | xxii, 384 p. ; |
| Dimensiones | 24 cm. |
| 504 ## - NOTA DE BIBLIOGRAFÍA, ETC. | |
| Nota de bibliografía, etc. | Includes bibliographical references (p. 357-359) and index. |
| 505 0# - NOTA DE CONTENIDO CON FORMATO | |
| Nota de contenido con formato | Prologue : Uncle Andrew in C.S. Lewis's The magician's nephew -- 1. The wonder of worldview I : Protestant evangelicalism. Original worldview thinkers in Protestant evangelicalism. James Orr ; Gordon H. Clark and Carl F.H. Henry ; Abraham Kuyper -- Herman Dooyeweerd ; Francis A. Schaeffer -- 2. The wonder of worldview II : Roman Catholicism and Eastern Orthodoxy. Roman Catholicism ; Eastern Orthodoxy -- 3. A philological history of "worldview". Word studies on Weltanschauung ; The first use of Weltanschauung in Immanuel Kant ; The use of Weltanschauung in German and other European languages -- Weltanschauung and "worldview" in the English-speaking world -- 4. A philosophical history of "worldview" : the nineteenth century. "Worldview" in G.W.F Hegel ; "Worldview" and "Lifeview" in S²ren Kierkegaard ; "Worldview" in Wilhelm Dilthey -- "Worldview" and perspectivism in Friedrich Nietzsche -- 5. A philosophical history of "worldview" : the twentieth century. "Worldview" in Edmund Husserl ; "Worldview" in Karl Jaspers ; "Worldview" in Martin Heidegger -- |
| 505 0# - NOTA DE CONTENIDO CON FORMATO | |
| Nota de contenido con formato | 6. A philosophical history of "worldview" : the twentieth century II : "Worldview" and "world picture" in Ludwig Wittgenstein ; Donald Davison on "conceptual schemes" ; "Worldview" and postmodernity -- 7. A disciplinary history of "world view" I : the natural sciences. Michael Polanyi's tacit dimension and personal knowledge in the natural sciences ; Thomas Kuhn's paradigm revolution in the philosophy of science -- 8. A disciplinary history of "worldview" II : The social sciences. "Worldview" in psychology. Sigmund Freud : "The question of a Weltanschauung" ; C.G. Jung : "Psychotherapy and a philosophy of life" -- "Worldview" in sociology. Karl Mannheim : "On the interpretation of Weltanschauung" ; Peter Berger and Thomas Luckmann : The sociology of knowledge and sacred canopy ; Karl Marx and Friedrich Engels : Worldview and ideology -- "Worldview" in cultural anthropology. Michael Kearney : Worldview ; Robert Redfield : The primitive and modern worldviews -- |
| 505 0# - NOTA DE CONTENIDO CON FORMATO | |
| Nota de contenido con formato | 9. Theological reflections on "worldview". Worldviews and "worldview" -- Christian worldview and "worldview" : Issues of objectivity ; Issues of subjectivity ; Issues of sin and spiritual warfare ; Issues of grace and redemption -- 10. Philosophical reflections on "worldview". Worldview and semiotics ; Worldview and narrative ; Worldview and reason ; Worldview and hermeneutics ; Worldview and epistemology -- 11. Concluding reflections. Dangers of worldview ; Benefits of worldview -- Epilogue : Eustace in C.S. Lewis's The voyage of the "Dawn Treader" -- Appendix A: Synopses of additional evangelical worldview contributions : James H. Olthuis ; Brian J. Walsh and J. Richard Middleton ; Albert M. Wolters ; Arthur F. Holmes ; James W. Sire ; Charles Colson and Nancy Pearcey -- Appendix B: A bibliography of books on the Christian worldview not addressed in this volume. |
| 650 #0 - PUNTO DE ACCESO ADICIONAL DE MATERIA--TÉRMINO DE MATERIA | |
| Término de materia o nombre geográfico como elemento de entrada | Christianity. |
| 650 17 - PUNTO DE ACCESO ADICIONAL DE MATERIA--TÉRMINO DE MATERIA | |
| Término de materia o nombre geográfico como elemento de entrada | Wereldbeeld. |
| Fuente del encabezamiento o término | gtt |
| 650 17 - PUNTO DE ACCESO ADICIONAL DE MATERIA--TÉRMINO DE MATERIA | |
| Término de materia o nombre geográfico como elemento de entrada | Godsdienstfilosofie. |
| Fuente del encabezamiento o término | gtt |
| 700 1# - ENTRADA AGREGADA--NOMBRE PERSONAL | |
| Nombre de persona | Holmes, Arthur F. |
| 938 ## - | |
| -- | Baker & Taylor |
| -- | BKTY |
| -- | 28.00 |
| -- | 21.00 |
| -- | 0802847617 |
| -- | 0003915021 |
| -- | active |
| 938 ## - | |
| -- | Baker and Taylor |
| -- | BTCP |
| -- | 2002019439 |
| 938 ## - | |
| -- | YBP Library Services |
| -- | YANK |
| -- | 1859954 |
| 938 ## - | |
| -- | Ingram |
| -- | INGR |
| -- | 9780802847614 |
| 942 ## - ELEMENTOS DE ENTRADA SECUNDARIOS (KOHA) | |
| Fuente del sistema de clasificación o colocación | Clasificación de Library of Congress |
| Tipo de ítem Koha | |
| 946 ## - PROCESAMIENTO DE INFORMACIÓN LOCAL (OCLC) | |
| a | AFJ |
| 994 ## - | |
| -- | C0 |
| -- | DRFGD |
| Estatus retirado | Estado de pérdida | Fuente del sistema de clasificación o colocación | Estado de daño | No para préstamo | Colección | Biblioteca de origen | Biblioteca actual | Ubicación en estantería | Fecha de adquisición | Serial enumeration / chronology | Signatura topográfica completa | Código de barras | Visto por última vez | Copia número | Tipo de ítem Koha |
|---|---|---|---|---|---|---|---|---|---|---|---|---|---|---|---|
| Clasificación de Library of Congress | Humanidades | Biblioteca Juan Bosch | Biblioteca Juan Bosch | Humanidades (4to. Piso) | 10/04/2023 | 1 | BR 121.3 N38w 2002 | 00000081523 | 17/11/2018 | 1 |
